<?xml version='1.0' encoding='UTF-8'?>
  <record xmlns="http://www.loc.gov/MARC21/slim">
    <leader>00000cam a22000007i 4500</leader>
    <controlfield tag="001">ocm66326562</controlfield>
    <controlfield tag="003">OCoLC</controlfield>
    <controlfield tag="005">20250315175534.3</controlfield>
    <controlfield tag="008">931124s1583    ne            000 0 lat d</controlfield>
    <datafield tag="040" ind1=" " ind2=" ">
      <subfield code="a">NLGGC</subfield>
      <subfield code="b">dut</subfield>
      <subfield code="e">fobidrtb</subfield>
      <subfield code="c">NLGGC</subfield>
      <subfield code="d">OCLCO</subfield>
      <subfield code="d">OCLCA</subfield>
      <subfield code="d">OCLCL</subfield>
      <subfield code="d">OCLCQ</subfield>
    </datafield>
    <datafield tag="029" ind1="0" ind2=" ">
      <subfield code="a">NLGGC</subfield>
      <subfield code="b">112635954</subfield>
    </datafield>
    <datafield tag="035" ind1=" " ind2=" ">
      <subfield code="a">(OCoLC)66326562</subfield>
    </datafield>
    <datafield tag="072" ind1=" " ind2="7">
      <subfield code="a">x</subfield>
      <subfield code="2">odfysin</subfield>
    </datafield>
    <datafield tag="072" ind1=" " ind2="7">
      <subfield code="a">k</subfield>
      <subfield code="2">odfysin</subfield>
    </datafield>
    <datafield tag="100" ind1="1" ind2=" ">
      <subfield code="a">Waramund, Leonhard,</subfield>
      <subfield code="d">16e E.</subfield>
      <subfield code="1">https://id.oclc.org/worldcat/entity/E39PCjFYcRRmp994mTDjgrb7h3</subfield>
    </datafield>
    <datafield tag="245" ind1="1" ind2="0">
      <subfield code="a">In anathematismum, cvi Gregorivs XIII. PP. romanvs illvstrissimvm principem Gebhardvm Truchsium ... damnauit nuper. /</subfield>
      <subfield code="c">Leonharti VVaramundi Turingi admonitio. Omnibvs S.R. imperii et pvblici Germaniæ boni studiosis apprimè vtilis &amp; necessaria.</subfield>
    </datafield>
    <datafield tag="246" ind1="3" ind2=" ">
      <subfield code="a">In anathematismum, cui Gregorius XIII. PP. romanus illustrissimum principem Gebhardum Truchsium ... damnavit nuper</subfield>
    </datafield>
    <datafield tag="260" ind1=" " ind2=" ">
      <subfield code="a">Lugduni Batauorum, :</subfield>
      <subfield code="b">[s.n.],</subfield>
      <subfield code="c">1583.</subfield>
    </datafield>
    <datafield tag="300" ind1=" " ind2=" ">
      <subfield code="a">[2], 60, [2] ;</subfield>
      <subfield code="c">in-4.</subfield>
    </datafield>
    <datafield tag="336" ind1=" " ind2=" ">
      <subfield code="a">tekst</subfield>
      <subfield code="b">txt</subfield>
      <subfield code="2">rdacontent/dut</subfield>
    </datafield>
    <datafield tag="337" ind1=" " ind2=" ">
      <subfield code="a">zonder medium</subfield>
      <subfield code="b">n</subfield>
      <subfield code="2">rdamedia/dut</subfield>
    </datafield>
    <datafield tag="338" ind1=" " ind2=" ">
      <subfield code="a">band</subfield>
      <subfield code="b">nc</subfield>
      <subfield code="2">rdacarrier/dut</subfield>
    </datafield>
    <datafield tag="500" ind1=" " ind2=" ">
      <subfield code="a">A-H 4 (H4 blanco).</subfield>
    </datafield>
    <datafield tag="710" ind1="2" ind2=" ">
      <subfield code="a">S.n. (Leiden)</subfield>
      <subfield code="4">prt</subfield>
      <subfield code="0">(NL-LeOCL)077163435</subfield>
    </datafield>
    <datafield tag="758" ind1=" " ind2=" ">
      <subfield code="a">In anathematismum, cvi Gregorivs XIII. PP. romanvs illvstrissimvm principem Gebhardvm Truchsium ... damnauit nuper (Text)</subfield>
      <subfield code="1">https://id.oclc.org/worldcat/entity/E39PCG3qBMWwdbC4hDqjV7P683</subfield>
      <subfield code="4">https://id.oclc.org/worldcat/ontology/hasWork</subfield>
    </datafield>
    <datafield tag="776" ind1="0" ind2=" ">
      <subfield code="t">In anathematismum, cui Gregorius XIII. PP. romanus illustrissimum principem Gebhardum Truchsium ... damnavit nuper</subfield>
      <subfield code="w">(NL-LeOCL)426069005</subfield>
    </datafield>
    <datafield tag="936" ind1=" " ind2=" ">
      <subfield code="a">BATCHLOAD</subfield>
    </datafield>
  </record>